| 000 | 00441nam a2200157 4500 | ||
|---|---|---|---|
| 001 | 108995 | ||
| 003 | ES-MaACL | ||
| 005 | 20230906184745.0 | ||
| 007 | t| | ||
| 008 | 061121s1963 sp r ||||1| cat d | ||
| 100 | 1 |
_aMoya, Llorenç. _983958 |
|
| 245 | 1 | 3 |
_aEl fogo dels jueus _b: tragedia / _cLlorenç Moya. |
| 260 |
_aPalma de Mallorca : _bRobines, _c1963. |
||
| 300 |
_a97 p., 2 lám. ; _c17 cm. |
||
| 852 |
_aES-MaACL _jC-25655 _bR.53821 |
||
| 999 |
_c108995 _d108995 |
||